02468cam a22003735i 4500999001700000001000900017003000900026005001700035008004100052020001800093040005900111043001200170082001900182100003400201245011600235264006200351264001000413300004500423336002600468337002800494338002700522490004900549504005100598520100000649650003801649650005501687650004401742650005101786650004701837653003401884655001701918942001201935952014701947 c27918d2788919247369EG-ScBUE20191217103849.0160825t20162016nyua f b 001 0 eng d a9781137497895 aBTCTAbengerdacBTCTAdYDXCPdTKNdYDXdDLCdEG-ScBUE af-ua---04a070.4bRAD2221 aRadsch, Courtney C.,eauthor.10aCyberactivism and citizen journalism in Egypt :bdigital dissidence and political change /cCourtney C. Radsch. 1aNew York :bPalgrave Macmillan / Springer Nature,c[2016] 4cc2016 axv, 351 pages :billustrations ;c24 cm. atextbtxt2rdacontent aunmediatedbn2rdamedia avolumebnc2rdacarrier0 aInformation technology and global governance aIncludes bibliographical references and index. aThis compelling book explores how Egyptian bloggers used citizen journalism and cyberactivism to chip away at the state's monopoly on information and recalibrate the power dynamics between an authoritarian regime and its citizens. When the Arab uprisings broke out in early 2011 and ousted entrenched leaders across the region, social media and the Internet were widely credited with playing a role, particularly when the Egyptian government shut down the Internet and mobile phone networks in an attempt to stave off the unrest there. But what these reports missed were the years of grassroots organizing, digital activism, and political awareness-raising that laid the groundwork for this revolutionary change. Radsch argues that Egyptian bloggers created new social movements using blogging and social media, often at significant personal risk, so that less than a decade after the information revolution came to Egypt they successfully mobilized the overthrow of the state and its president. 7aCitizen journalismzEgypt.2BUEsh 7aSocial movementsxPolitical aspectszEgypt.2BUEsh 7aBlogsxPolitical aspectszEgypt.2BUEsh 7aSocial mediaxPolitical aspectszEgypt.2BUEsh 7aInternetxPolitical aspectszEgypt.2BUEsh bMASPPSSbBUSBOLcNovember2019 vReading book 2ddccBB 00102ddc40708BaccahaMAINbMAINcLOWd2019-12-01ePurchaseg1490.00l0o070.4 RADp000044702r2025-07-15 00:00:00v1862.50w2019-12-01yBB